WWE Random Quiz - Statistics

General Stats
  • This quiz has been taken 1,242 times
    1,228 since last reset
  • The average score is 14 of 26
Answer Stats
Hint Answer % Correct
Weapon Chair
93%
Weapon Table
92%
Things Able to be Destroyed #1 Table
92%
Weapon Ladder
80%
Pedigree Triple H
80%
John Cena Finisher Attitude Adjustment
77%
Who is the World's Strongest Man? Mark Henry
76%
Weapon Kendo Stick
74%
Hulk Hogan Finisher Running Leg Drop
65%
First Irish Born Wrestler Sheamus
60%
Who did Randy Orton defeat at TLC 2013 to win the WWE World Heavyweight Championship? John Cena
59%
Ring Part #1 Ropes
58%
Ring Part #3 Turnbuckle
58%
Weapon Sledgehammer
54%
Ring part #2 Mat
50%
Walls Surrounding The Ring Barricade
49%
Things Able to be Deastroyed #3 Barricade
47%
Ring Part #4 Apron
46%
Things Able to be Deastroyed #2 Announce Table
34%
Weapon Trash Can
28%
Weapon Ring Steps
27%
First Scottish Born Wrestler Rowdy Roddy Piper
24%
Weapon Ring Bell
23%
R-Truth Finisher Little Jimmy
18%
Daniel Bryan Theme Flight of the Valkyries
16%
Weapon Mop
2%
No matching quizzes found
Score Distribution
Percent of People with Each Score
Percentile by Number Answered
Your Score History
You have not taken this quiz since the last reset